Jurassic World: Alive - Statistics

General Stats
  • This quiz has been taken 21 times
  • The average score is 57 of 305
Answer Stats
Answer % Correct
Tyrannosaurus Rex
86%
Velociraptor
64%
Allosaurus
57%
Ankylosaurus
57%
Blue
57%
Spinosaurus
57%
Charlie
50%
Echo
50%
Hadros Lux
50%
Indominus Rex
50%
Irritator
50%
Rexy
50%
Stygimoloch
50%
Triceratops
50%
Apatosaurus
43%
Delta
43%
Dilophosaurus GEN 2
43%
Dracorex
43%
Dracorex GEN 2
43%
Iguanodon
43%
Indoraptor
43%
Mortem Rex
43%
Parasaurolophus
43%
Sinoceratops
43%
Stegosaurus
43%
Tyrannosaurus Rex GEN 2
43%
Acrocanthosaurus
36%
Albertosaurus
36%
Baryonyx
36%
Brachiosaurus
36%
Carnotaurus
36%
Compsognathus
36%
Deinonychus
36%
Erlikosaurus
36%
Giganotosaurus
36%
Indoraptor GEN 2
36%
Irritator GEN 2
36%
Nasutoceratops
36%
Nundasuchus
36%
Pyroraptor
36%
Sarcosuchus
36%
Scorpios Rex
36%
Scorpios Rex GEN 2
36%
Scorpios Rex GEN 3
36%
Smilodon
36%
Spinosaurus GEN 2
36%
Triceratops GEN 2
36%
Acrocanthops
29%
Alloraptor
29%
Allosaurus GEN 2
29%
Amargasaurus
29%
Ankylosaurus GEN 2
29%
Ardentismaxima
29%
Argentinosaurus
29%
Baryonyx GEN 2
29%
Bumpy
29%
Carbonemys
29%
Ceramagnus
29%
Compsognathus GEN 2
29%
Deinocheirus
29%
Dimetrodon
29%
Dimorphodon
29%
Diplodocus
29%
Edmontosaurus
29%
Haast Maximus
29%
Hydra Boa
29%
Indominus Rex GEN 2
29%
Kaprosuchus
29%
Lystrosaurus
29%
Majungasaurus
29%
Megaloceros
29%
Monolophosaurus
29%
Oviraptor
29%
Pachycephalosaurus
29%
Pteranodon
29%
Rajasaurus
29%
Refrenantem
29%
Rinchenia
29%
Stegoceratops
29%
Struthiomimus
29%
Stygimoloch GEN 2
29%
Suchomimus
29%
Therizinosaurus
29%
Titanoboa
29%
Utahraptor
29%
Allodrigues
21%
Amphicyon
21%
Archaeotherium
21%
Arctalces
21%
Arctodus
21%
Ardontosaurus
21%
Brontotherium
21%
Cervalces
21%
Compsocaulus
21%
Dimetrodon GEN 2
21%
Dimodactylus
21%
Diorajasaur
21%
Diplocaulus
21%
Diplocaulus GEN 2
21%
Dodo
21%
Dreadnoughtus
21%
Eremotherium
21%
Euoplocephalus
21%
Fukuisaurus
21%
Gallimimus
21%
Giganyx
21%
Giraffatitan
21%
Glyptodon
21%
Gorgosaurus
21%
Haast Eagle
21%
Haast Eagle GEN 2
21%
Inostrancevia
21%
Koolasuchus
21%
Lythronax
21%
Marsupial Lion | Thylacoleo
21%
Megalosaurus
21%
Monolophosaurus GEN 2
21%
Ouranosaurus
21%
Parasaurolophus Lux
21%
Parasauthops
21%
Purussaurus
21%
Purussaurus GEN 2
21%
Rodrigues Solitaire
21%
Sarcorixis
21%
Scaphognathus
21%
Spinotahraptor
21%
Suchotator
21%
Tarbognathus
21%
Tarbosaurus
21%
Thylacotator
21%
Titanoboa GEN 2
21%
Troodon
21%
Trykosaurus
21%
Tuojiangosaurus
21%
Tupandactylus
21%
Utahsinoraptor
21%
Alankylosaurus
14%
Albertocevia
14%
Allosinosaurus
14%
Andrewsarchus
14%
Andrewtodon
14%
Ankylocodon
14%
Ankylos Lux
14%
Ankyntrosaurus
14%
Anurognathus
14%
Arctops
14%
Arctovasilas
14%
Argentavis
14%
Bajadasaurus
14%
Coelurosauravus
14%
Concavenator
14%
Dakotaraptor
14%
Diplotator
14%
Diplovenator
14%
Dracoceratops
14%
Dsungaia
14%
Dsungaripterus
14%
Edaphosaurus
14%
Einasuchus
14%
Entelodon
14%
Erlidominus
14%
Erlikosaurus GEN 2
14%
Erlikospyx
14%
Eucladoceros
14%
Geminititan
14%
Gigaspikasaur
14%
Gorgotrebax
14%
Gryposuchus
14%
Hatzegopteryx
14%
Imperatosuchus
14%
Indotaurus
14%
Kelenken
14%
Kentrosaurus
14%
Keratoporcus
14%
Koolabourgiana
14%
Koolasuchus GEN 2
14%
Lystrosuchus
14%
Majundaboa
14%
Majundasuchus
14%
Megalonyx
14%
Megalotops
14%
Meiolania
14%
Miragaia
14%
Nodosaurus
14%
Ophiacodon
14%
Postimetrodon
14%
Postosuchus
14%
Proceratosaurus
14%
Pyrritator
14%
Quetzalcoatlus
14%
Rajakylosaurus
14%
Rinchicyon
14%
Scaphotator
14%
Scolosaurus
14%
Scutosaurus
14%
Smilonemys
14%
Spinonyx
14%
Tenontorex
14%
Tenontosaurus
14%
Thoradolosaur
14%
Tsintaosaurus
14%
Wooly Mammoth
14%
Wuerhosaurus
14%
Ailurarctos
7%
Alanqa
7%
Andrewtherium
7%
Andrewtops
7%
Antarctopelta
7%
Aquilamimus
7%
Archaeopteryx
7%
Ardontognathus
7%
Argenteryx
7%
Brontolasmus
7%
Carbotoceratops
7%
Coelhaast
7%
Deinotherium
7%
Dilophoboa
7%
Diloracheirus
7%
Diloranosaurus
7%
Dodocevia
7%
Doedicurus
7%
Dracoceratosaurus
7%
Dreadactylus
7%
Edaphocevia
7%
Edmontoguanodon
7%
Einosaurus
7%
Elasmotherium
7%
Eremoceros
7%
Erlikogamma
7%
Fukuimimus
7%
Gorgonops
7%
Gorgosuchus
7%
Grylenken
7%
Inostherium
7%
Maiasaura
7%
Mammolania
7%
Monolometrodon
7%
Monomimus
7%
Monostegotops
7%
Moschops
7%
Nodopatosaurus
7%
Ornithomimus
7%
Ovilophosaurus
7%
Paramoloch
7%
Phorurex
7%
Phorusrhacos
7%
Preondactylus
7%
Procerathomimus
7%
Pteraquetzal
7%
Pterovexus
7%
Purutaurus
7%
Quetzorion
7%
Scutophicyon
7%
Secodontosaurus
7%
Sinokotaraptor
7%
Sinosauropteryx
7%
Skoolasaurus
7%
Skoonasaurus
7%
Smilocephalosaurus
7%
Sonorasaurus
7%
Spinoconstrictor
7%
Stegoceras
7%
Stygidaryx
7%
Tanycolagreus
7%
Testacornibus
7%
Troodoboa
7%
Tuoramoloch
7%
Tyrannolophosaur
7%
Utarinex
7%
Velosrhacos
7%
Wooly Rhino | Coelodonta
7%
Amargocephalus
0%
Ankylodicurus
0%
Ankymoloch
0%
Bajatonodon
0%
Carnotarkus
0%
Dakotanops
0%
Darwezopteryx
0%
Darwinopterus
0%
Enteloceros
0%
Entelochops
0%
Entelolania
0%
Entelomoth
0%
Glyptoceras
0%
Grypolytn
0%
Magnapyritator
0%
Mammotherium
0%
Megalogaia
0%
Megistocurus
0%
Megistotherium
0%
Monolrhino
0%
Nodopatotitan
0%
Ovilophomoloch
0%
Phorusaura
0%
Poukadei
0%
Poukandactylus
0%
Purrolyth
0%
Spinotasuchus
0%
Stegodeus
0%
Thylaconyx
0%
Tragodistis
0%
Tryostronix
0%
Tsintamoth
0%
No matching quizzes found
Score Distribution
Percent of People with Each Score
Percentile by Number Answered
Your Score History
You have not taken this quiz